Lượng giác

Bewaard in:
Bibliografische gegevens
Formaat: Boek
Taal:Vietnamese
Gepubliceerd in: Tp. HCM Nxb.Thành phố Hồ Chí Minh 1996
Editie:In lần 2
Reeks:Tủ sách chăm học
Tags: Voeg label toe
Geen labels, Wees de eerste die dit record labelt!
Thư viện lưu trữ: Mạng thư viện Đại học Đà Nẵng
LEADER 01002nam a2200301 4500
001 000013123
003 9460
005 20120309090313.0
008 120309s1996 viesd
020 |c 15000 
041 0 |a vie 
082 |a 516.124 
245 0 |a Lượng giác  |c Lê Quang Ánh. Nguyễn Thành Dũng. Trần Thái Hùng.Phạm Tấn Phước 
246 |a Giải đề thi đại học 
250 |a In lần 2 
260 |a Tp. HCM  |b Nxb.Thành phố Hồ Chí Minh  |c 1996 
300 |a 371 tr  |c 21 cm 
490 |a Tủ sách chăm học 
OWN |a LSP 
AVA |a UDN50  |b LSP  |d 516.124  |e available  |t Error 5001 Not defined in file expand_doc_bib_avail.  |f 2  |g 0  |h N  |i 0  |k 1 
999 |a From the UDN01 
AVA |a UDN50  |b LSP  |d 516.124  |e available  |t Error 5001 Not defined in file expand_doc_bib_avail.  |f 2  |g 0  |h N  |i 0  |k 1 
TYP |a Monograph 
TYP |a Printed language 
980 |a Mạng thư viện Đại học Đà Nẵng